Những vấn đề lý luận cơ bản về tội phạm trong luật hình sự Việt Nam
Lý luận Mác-Lênin về tội phạm. Tội phạm trong luật hình VN. Về các giai đoạn phạm tội, vấn đề đồng phạm, tái phạm, tái phạm nguy hiểm. Một số biện pháp pháp lý đấu tranh chống và phòng ngừa tội phạm ở nước ta hiện nay
Uloženo v:
| Korporativní autor: | |
|---|---|
| Médium: | Kniha |
| Jazyk: | Vietnamese |
| Vydáno: |
H.
Khoa học xã hội
1986
|
| Témata: | |
| Tagy: |
Přidat tag
Žádné tagy, Buďte první, kdo otaguje tento záznam!
|
| Thư viện lưu trữ: | Mạng thư viện Đại học Đà Nẵng |
|---|
| LEADER | 01575nam a22003738a 4500 | ||
|---|---|---|---|
| 001 | 000007414 | ||
| 003 | 3575 | ||
| 005 | 20111121141146.0 | ||
| 008 | 111003s1986 b 000 0 vieod | ||
| 020 | |c 8500đ |d 15.200b | ||
| 041 | 0 | |a vie | |
| 082 | |a 345.597 |b Viê | ||
| 084 | |a gg24 |b NH556V | ||
| 110 | |a Viện Luật Học | ||
| 245 | 1 | 0 | |a Những vấn đề lý luận cơ bản về tội phạm trong luật hình sự Việt Nam |c Nhiều tác giả, chủ biên: Nguyễn Niên |
| 260 | |a H. |b Khoa học xã hội |c 1986 | ||
| 300 | |a 235tr |c 19cm | ||
| 500 | |a Trên đầu trang tên sách ghi: Viện Luật học | ||
| 520 | |a Lý luận Mác-Lênin về tội phạm. Tội phạm trong luật hình VN. Về các giai đoạn phạm tội, vấn đề đồng phạm, tái phạm, tái phạm nguy hiểm. Một số biện pháp pháp lý đấu tranh chống và phòng ngừa tội phạm ở nước ta hiện nay | ||
| 653 | |a Luật hình sự | ||
| 653 | |a tội phạm | ||
| 653 | |a lý luận cơ bản | ||
| 653 | |a luật học | ||
| 910 | |a Nguyễn Thị Kim Oanh |d 03/10/2011 | ||
| OWN | |a LSP | ||
| AVA | |a UDN50 |b LSP |d 345.597 Viê |e unavailable |t Error 5002 Not defined in file expand_doc_bib_avail. |f 2 |g 2 |h N |i 0 |k 1 | ||
| 999 | |a From the UDN01 | ||
| AVA | |a UDN50 |b LSP |d 345.597 Viê |e unavailable |t Error 5002 Not defined in file expand_doc_bib_avail. |f 2 |g 2 |h N |i 0 |k 1 | ||
| TYP | |a Monograph | ||
| TYP | |a Printed language | ||
| 980 | |a Mạng thư viện Đại học Đà Nẵng | ||